Регионална библиотека "Любен Каравелов" - Русе

Торене и растителна защита в двора (Запис номер 129279)

MARC детайли
000 -Лидер
Контролно поле с фиксирана дължина 01907nam a2200409 c 4500
003 - Код на организацията, давaща контролен номер
Контролно поле BLK
005 - Дата и час на последна редакция
Контролно поле 20231109103753.0
008 - Елементи от данни с фиксирана дължина
fixed length control field 180409b bul|||||r ||||||| ||bul||
010 ## - Наследен системен номер
LC control number KNG00135014000
040 ## - Източник на каталожния запис
Идентификатор на билиотеката - собственик на записа BLK
041 ## - Код за език
Код за езика на текст/звукозапис или на отделно заглавие Български
Код за езика КДБФ Български
080 ## - УДК
Текстов определител УДК Торове. Торене. Стимулиране растежа на растенията. Растителни стимулатори
УДК код - определител по УДК 631.8
УДК определител (035)
УДК - код + определител 631.8(035)
080 ## - УДК
Текстов определител УДК Борба с болестите и вредителите на растенията
УДК код - определител по УДК 632.9
УДК определител (035)
УДК - код + определител 632.9(035)
100 1# - Редна дума - Автор
Автор Богданов, Васил Тодоров
R(LIN) 321634
139 ## - Редно поле
Редна дума Богданов, Васил Т. и др.
Авторски знак Бог - Б 54
245 10 - Сведения за заглавието
Заглавие Торене и растителна защита в двора
Подзаглавни данни Ръководство
Редно поле (дума) Васил Т. Богданов; съавт. Стефан Петров Горбанов.
257 ## - Страна на издаване
Страна на създаване/издаване България
260 ## - Област на издателските данни
-- София
Име на издателя, разпространителя и проч. Земиздат
Година на издаване 1987
Печатница Хасково : Ат. Стратиев
300 ## - Физическа характеристика
Страници 132 с.
Размери/Мащаб 20 см
Съпровождащи материали 1 л. : табл.
380 ## - Жанр
Жанр Селско стопанство
490 1# - СЕРИИ (Колекции)
Име на серия Поредица Съвети за личното стопанство
500 ## - Общи забележки
Забележка Авт. не са отбелязани на кор. - 28 100 тир. - Библиогр. с.127-128.
650 #4 - Допълнително описание по предмет – тема
Основно описание – тема или топоним Торене
9 (RLIN) 173808
650 #4 - Допълнително описание по предмет – тема
Основно описание – тема или топоним Растителна защита
9 (RLIN) 258069
653 ## - Ключова дума – ненормативна
Ключова дума торене
653 ## - Ключова дума – ненормативна
Ключова дума растителна защита
653 ## - Ключова дума – ненормативна
Ключова дума пестициди
653 ## - Ключова дума – ненормативна
Ключова дума лични стопанства
653 ## - Ключова дума – ненормативна
Ключова дума ръководства
700 1# - Други автори (авторска отговорност)
Лично име Горбанов, Стефан Петров
Автороска отговорност (Описва отношението между автора и произведението) съавт.
9 (RLIN) 368592
852 ## - Местоположение
Форматна сигнатура Цб 150200
856 4# - Електронен адрес и достъп
Електронен формат pdf - файл
Път до файла /url/
856 4# - Електронен адрес и достъп
Електронен формат pdf - файл
Път до файла /url/
942 ## - АРТИКУЛИ
Вид на библиотечния материал Книги
Скрит в OPAC Не
Koha issues (borrowed), all copies 1
944 ## - СЪЗДАВАНЕ И РЕДАКЦИЯ на ЗАПИСА
Създаване/Редакция Създаване
Дата на регистрацията/редакция 15.10.2012
Статус, дата на статуса Христина Везирева
Служител, извършил регистрацията/редакцията 30535
944 ## - СЪЗДАВАНЕ И РЕДАКЦИЯ на ЗАПИСА
Създаване/Редакция Редакция
Дата на регистрацията/редакция 15.10.2012
Статус, дата на статуса 15.10.2012 - от С1,Р / 15.10.2012
Служител, извършил регистрацията/редакцията
999 ## - СИСТЕМНИ КОНТРОЛНИ НОМЕРА
Koha biblionumber 129279
Koha biblioitemnumber 129279
Наличности
Код за отписване Код за изгубен артикул Източник на класификационната схема Код за повреда Коз за рестрикции Код за отдаване Артикулен № Име на библиотеката - собственик Име на библиотеката, в която се намира в момента Статус (Текущо местоположение) Дата на вписване в системата Местоположение - отдел Цена в лева Инвентарен номер Систематично азбучна сигнатура Баркод Номер на екземпляра Цена в евро Служебна бележка Служебен тип на артикула
  Не е изгубен Universal Decimal Classification Не е повреден без рестрикции ползва се в читалня 210004 Регионална библиотека "Любен Каравелов" Русе Регионална библиотека "Любен Каравелов" Русе Хранилище 1987-01-01 Хранилище 1.20 485817 Цб 150200 120000485817 1 0.61 Дост: Dp Вид: Д N: стар фонд Дата: 01.01.1987 Книги
Изтеглен Не е изгубен Universal Decimal Classification Не е повреден без рестрикции заемане за дома 210005 Регионална библиотека "Любен Каравелов" Русе Регионална библиотека "Любен Каравелов" Русе Заемна - подръчен фонд 1987-01-01 Заемна - подръчен фонд 1.20 487042 П 631.8/Б 54 487042 2 0.61 Дост: Pk Вид: Ф N: стар фонд Дата: 01.01.1987 Книги
Изтеглен Не е изгубен Universal Decimal Classification Не е повреден без рестрикции заемане за дома 210006 Регионална библиотека "Любен Каравелов" Русе Регионална библиотека "Любен Каравелов" Русе Заемна - подръчен фонд 1987-01-01 Заемна - подръчен фонд 1.20 487043 П 631.8/Б 54 487043 3 0.61 Дост: Pk Вид: Ф N: стар фонд Дата: 01.01.1987 Дата инв: 06.02.2018 Бележки инв: П2018 Книги
Vip Innovations Ltd, Rousse, Bulgaria 2025